Central Library OPAC University of Rajshahi

American society : (Record no. 34729)

MARC details
000 -LEADER
fixed length control field 00888nam a2200277 i 4500
001 - CONTROL NUMBER
control field 34729
003 - CONTROL NUMBER IDENTIFIER
rucl marc code BD-RjUL
005 - DATE AND TIME OF LATEST TRANSACTION
control field 20211209052213.0
008 - FIXED-LENGTH DATA ELEMENTS--GENERAL INFORMATION
fixed length control field 140519s1976 cau b 000 0 eng
020 ## - INTERNATIONAL STANDARD BOOK NUMBER
International Standard Book Number 0876200714 :
035 ## - SYSTEM CONTROL NUMBER
System control number (BD-RjUL)34823
040 ## - CATALOGING SOURCE
Original cataloging agency DLC
Transcribing agency DLC
Modifying agency DLC
-- BD-RjUL
Language of cataloging eng
041 ## - LANGUAGE CODE
Language code of text/sound track or separate title eng
082 00 - DEWEY DECIMAL CLASSIFICATION NUMBER
Classification number 309.173092
Author mark and year WEA 1976
100 ## - MAIN ENTRY--PERSONAL NAME
Personal name Wells, Alan
9 (RLIN) 105662
245 00 - TITLE STATEMENT
Title American society :
Remainder of title problems & dilemmas /
Statement of responsibility, etc. Alan Wells.
260 ## - PUBLICATION, DISTRIBUTION, ETC. (IMPRINT)
Place of publication, distribution, etc. Pacific Palisades, Calif. :
Name of publisher, distributor, etc. Goodyear Pub. Co.,
Date of publication, distribution, etc. c1976.
300 ## - PHYSICAL DESCRIPTION
Pagination viii, 391 p. ;
Size 23 cm.
504 ## - BIBLIOGRAPHY, ETC. NOTE
Bibliography, etc Includes bibliographies.
651 #0 - SUBJECT ADDED ENTRY--GEOGRAPHIC NAME
Geographic name United States
General subdivision Social conditions
Chronological subdivision 1960-1980.
9 (RLIN) 6749
Geographic name United States
General subdivision Economic conditions
Chronological subdivision 1971-1981.
9 (RLIN) 35065
Geographic name United States
General subdivision Politics and government
Chronological subdivision 1969-1974.
9 (RLIN) 105663
942 ## - ADDED ENTRY ELEMENTS (KOHA)
Source of classification or shelving scheme Dewey Decimal Classification
Koha item type Books
Holdings
Lost status Source of classification or shelving scheme Damaged status Not for loan Collection code Permanent Location Current Location Shelving location Date acquired Source of acquisition Cost, normal purchase price Total Checkouts Full call number Date last seen Copy number Koha item type
  Dewey Decimal Classification   Not For Loan Non-fiction Central Library, University of Rajshahi Central Library, University of Rajshahi Reading Room 15/03/1979 India Int. Calcata 71.50   309.173092 WEA 1976 19/05/2014 C-1 Books